| 000 | 00902nam0a22002891 4500 | ||
|---|---|---|---|
| 001 | RU\INFOCOMM_327\NLR\5000064696 | ||
| 005 | 20250613112618.0 | ||
| 035 | _a(NLR Aleph) 009614326 | ||
| 090 |
_a9392132 _c9392132 |
||
| 100 | _a20130318d1992 |||y0rusy50 ca | ||
| 101 | 0 | _aeng | |
| 102 | _aRU | ||
| 105 | _ay z ||||| | ||
| 200 | 1 |
_aOn fundamentals of biospherics _fN. S. Pechurkin |
|
| 210 |
_aKrasnoyarsk _d1992 |
||
| 215 |
_a56 с. _cил. _d20 см |
||
| 225 | 1 |
_aPreprint _fRuss. acad. of sciences. Sib. branch, Inst. of biophysics _vN 179 Б |
|
| 320 | _aБиблиогр.: с. 55-56 | ||
| 606 | 0 |
_aБиосфера _2nlr_sh1 |
|
| 686 |
_aЕ081.1 _2rubbk |
||
| 700 | 1 |
_9z01790 _aPečurkin _bN. S. _gNikolaj Savel'evič |
|
| 790 | 1 |
_9z01700 _aPechurkin _bN. S. _4070 |
|
| 801 | 1 |
_aRU _bInfocomm _c20130318 |
|
| 801 | 0 |
_aRU _bINFOCOMM _gPSBO |
|
| 852 |
_aNLR _jБл01 Д-4/142 |
||
| 942 | _cBOOK | ||
| 980 | _aNB | ||